Statistieken voor Duitsland Trivia Quiz

Klik hier om de quiz te nemen!

Algemene statistieken

  • Deze quiz is 3.238 keer genomen
  • De gemiddelde score is 12 van 20

Antwoordstatistieken

HintAntwoord% Correct
HoofdstadBerlijn
99%
Duitse naam voor DuitslandDeutschland
89%
Duits woord voor worstWurst
87%
Bierfestival in MünchenOktoberfest
83%
Langste rivieren in DuitslandRijn
77%
Hoogste Duitse voetbalcompetitieBundesliga
76%
Financiële hoofdstadFrankfurt
70%
Broeders die sprookjes verzameldenDe gebroeders Grimm
62%
Dier dat op het wapenschild staatAdelaar
60%
Voormalige valutaDuitse Mark
58%
Langste rivieren in DuitslandDonau
57%
Nationale luchtvaartmaatschappijLufthansa
56%
Het Duitse hoofdwegennetAutobahn
55%
München is de hoofdstad van deze staatBeieren
53%
Hoofdstad van West-Duitsland, 1949 - 1990Bonn
51%
Duitse equivalent van een premierBondskanselier
50%
Grootste niet-Duitse etnische groepTurken
46%
Naam van het Duitse parlementBondsdag
39%
Langste rivieren in DuitslandElbe
37%
Duits land geregeerd door
Frederik de Grote
Pruisen
36%

Scoreverdeling

Percentiel versus Aantal Correcte Antwoorden

Procent van Mensen met Elke Score

Uw Scoregeschiedenis

U heeft deze quiz nog niet genomen